|
|
|
|
| LEADER |
00000naa a2200000 ar4500 |
| 001 |
vtls008986972 |
| 003 |
SK-MaSNL |
| 005 |
20260302100438.0 |
| 008 |
070509c2003 xo |r|p|||||||000 b|slo |
| 015 |
|
|
|a SNBRA2007/05
|2 snkbucl
|
| 038 |
|
|
|a SNKBUCL
|
| 040 |
|
|
|a SNKBUCL
|b slo
|c SNKBUCL
|e AACR2
|
| 041 |
0 |
|
|a slo
|
| 044 |
|
|
|a xo
|c SK
|
| 080 |
|
|
|a 81`25:061.3
|x (437.6)
|2 2001
|
| 080 |
|
|
|a 81`255.2:061.3
|x (437.6)
|2 2001
|
| 080 |
|
|
|a 82.0:81`25:061.3
|x (437.6)
|2 2001
|
| 080 |
|
|
|a 81`25`373.46:061.3
|x (437.6)
|2 2001
|
| 080 |
|
|
|a 82:061.3
|x (437.6)
|2 2001
|
| 080 |
|
|
|a 061.3
|x (437.6)
|2 2001
|
| 245 |
0 |
0 |
|a Príloha: chronológia jednotlivých ročníkov LŠP
|
| 611 |
2 |
7 |
|a Letná škola prekladu
|n (1.-24. :
|d 1975-2002 :
|c Slovensko)
|2 snkbucl
|9 771140
|
| 648 |
|
7 |
|a 1975-2002
|2 snkbucl
|9 771141
|
| 655 |
|
7 |
|a prehľady
|2 snkbucl
|9 70194
|
| 773 |
0 |
|
|t Letná škola prekladu 1, Prednášky z XXIV. Letnej školy prekladu v Budmericiach 18.9.-21.9.2002
|d Bratislava : Stimul, 2003
|g S. 200-219
|z 8085697491
|
| 852 |
|
|
|a SNK
|b KIS3GCP
|
| 958 |
|
|
|a LX
|
| 958 |
|
|
|a SK
|
| 999 |
|
|
|c 1220121
|d 1222051
|